000 00777cam a22002411 4500
001 sa 66007487
003 DLC
005 20260227112305.0
008 870902q19601969ii ab de 000 0 eng
010 _asa 66007487
025 _aPL480:I-E-6525
035 _a(OCoLC)16631396
040 _aDLC
_cWaU
_dDLC
041 0 _aenghinpan
042 _apremarc
050 0 0 _aPK1936
_b.N4
245 0 0 _aNew Oxford encyclopaedic illustrated dictionary;
_bEnglish to English-Hindi & Punjabi with pronunciations.
260 _aDelhi,
_bNew Standard Publications
_c[196-]
300 _a492 p.
_billus., maps.
_c26 cm.
650 0 _aEnglish language
_xDictionaries
_xHindi.
650 0 _aEnglish language
_xDictionaries
_xPanjabi.
740 0 _aOxford encyclopaedic illustrated dictionary.
999 _c71222
_d71222